XIV Congreso Latinoamericano de control automático

Saved in:
Bibliographic Details
Main Author: Kaschel C., Héctor (Author)
Format: Book
Language:Spanish
Published: Santiago Departamento Ingeniería Eléctrica, Universidad de Santiago 2010
Subjects:
Tags: Add Tag
No Tags, Be the first to tag this record!

MARC

LEADER 00000nam a2200000 a 4500
001 UCG3743
003 CL-VaPUC
005 20220315074421.0
008 100909e20100800cl 1 spa d
082 0 4 |a 629.8  |b KAS  |2 21 
100 1 |a Kaschel C., Héctor  |e author  |9 621674 
245 1 0 |a XIV Congreso Latinoamericano de control automático 
246 1 0 |a XIX Congreso de la Asociación Chilena de control automático ACCA 
260 |a Santiago  |b Departamento Ingeniería Eléctrica, Universidad de Santiago  |c 2010 
300 |a 2v 
583 |a last modification  |c 20190908 07:32:18  |k Rodrigo Vera 
650 0 0 |a Control automático  |9 259890 
650 0 0 |a Congresos  |9 257560 
650 0 0 |a Robótica   |9 263360 
650 0 7 |a INTELIGENCIA ARTIFICIAL  |2 CL-VaPUC  |9 621675 
942 |c BK 
945 |a mfarfan  |d 20100909 00:00:00 
546 |a En Español 
536 |a Departamento de Ingeniería Eléctrica, Universidad de Santiago 
536 |a Asociación Chilena de Control Automático 
518 |p Congreso Latinoamericano de Control Automático, 14, Santiago, 24-27 de Agosto de 2010 
999 |c 384577  |d 384575 
952 |0 0  |1 0  |4 0  |6 629_800000000000000_KAS_2010  |7 0  |8 F  |9 507377  |a BIBING  |b BIBING  |d 2020-01-23  |h v.1  |i 4717791  |o 629.8 KAS 2010  |p 4717791  |r 2025-01-20  |w 2020-01-23  |y BK_F  |k EIE 
952 |0 0  |1 0  |4 0  |6 629_800000000000000_KAS_2010  |7 0  |8 F  |9 507378  |a BIBING  |b BIBING  |d 2020-01-23  |h v.2  |i 4717805  |o 629.8 KAS 2010  |p 4717805  |r 2025-01-20  |w 2020-01-23  |y BK_F  |k EIE